000 00736nab a2200193 4500
001 244442
003 OSt
005 20241125130951.0
007 tu
008 200917s2020|||||||
040 _aDE-2950
_cDE-2950
245 0 0 _aGenervte Slubicer protestieren gegen Verkehr
_bGrenzkontrollen. In der Nachbarstadt von Frankfurt (Oder) sind am Sonntag wieder Straßen blockiert worden. Dieses Mal jedoch nicht durch Stau, sondern durch eine Demonstration, die sich genau gegen diesen richtete/
_cLisa Larossa
264 _c2024
653 _aFrankfurt (Oder) - Slubice
653 _aVerkehrsstau
653 _aDemonstration
773 0 _g35. Jahrgang (2024) Nr. 270 vom 19.11.2024, S. 15 mit Foto
_tMärkische Oderzeitung
942 _2z
_cA
999 _c373478
_d373478